Tiempo de que hablamos, tiempo en que hablamos (Record no. 197174)

MARC details
000 -LEADER
campo de control de longitud fija 01587nim a2200373 i 4500
001 - NÚMERO DE CONTROL
campo de control 197174
003 - IDENTIFICADOR DE NÚMERO DE CONTROL
campo de control ES-MaACL
005 - FECHA Y HORA DE LA ÚLTIMA TRANSACCIÓN
campo de control 20250828062551.0
007 - CAMPO FIJO DE DESCRIPCIÓN FÍSICA--INFORMACIÓN GENERAL
campo de control de longitud fija ss lsnjlcipnne
008 - DATOS DE LONGITUD FIJA--INFORMACIÓN GENERAL
campo de control de longitud fija 290425s1990 sp nnnn |||| 00| spa d
040 ## - FUENTE DE CATALOGACIÓN
Lengua de catalogación spa
Centro/agencia transcriptor ES-MaACL
100 1# - ENTRADA PRINCIPAL--NOMBRE DE PERSONA
Nombre de persona García Calvo, Agustín,
Fechas asociadas al nombre 1926-2012
Término indicativo de función/relación Autor
9 (RLIN) 233841
245 00 - MENCIÓN DEL TÍTULO
Título Tiempo de que hablamos, tiempo en que hablamos
Medio [Grabación sonora] :
Resto del título segunda conferencia del ciclo "El mundo, hoy" /
Mención de responsabilidad, etc. por Agustín García Calvo
260 ## - PUBLICACIÓN, DISTRIBUCIÓN, ETC.
Lugar de publicación, distribución, etc. Madrid :
Nombre del editor, distribuidor, etc. Ateneo de Madrid,
Fecha de publicación, distribución, etc. 1990
300 ## - DESCRIPCIÓN FÍSICA
Extensión 3 casetes (ca. 270 min) :
Otras características físicas son. ;
Dimensiones 11 cm
490 1# - MENCIÓN DE SERIE
Materiales especificados Actos culturales en el Ateneo de Madrid
518 ## - NOTA DE FECHA/HORA Y LUGAR DE UN ACONTECIMIENTO
Nota de fecha/hora y lugar de un acontecimiento Grabado el 29 de marzo de 1990 en el Salón de Actos del Ateneo de Madrid.
520 ## - RESUMEN, ETC.
Sumario, etc. Conferencia enmarcada dentro del ciclo "El mundo, hoy" que abarca los días 19 y 29 de marzo, 2, 5 y 16 de junio.
540 ## - NOTA DE CONDICIONES DE USO Y REPRODUCCIÓN
Condiciones de uso y reproducción Documento inédito
594 ## - Nota al título y mención de responsabilidad
a Datos basados en la invitación.
610 20 - PUNTO DE ACCESO ADICIONAL DE MATERIA--NOMBRE DE ENTIDAD CORPORATIVA
Nombre de entidad corporativa o nombre de jurisdicción como elemento de entrada Ateneo de Madrid-
Subdivisión general Actos culturales-
Subdivisión cronológica 1990-
Subdivisión de forma Grabaciones sonoras
9 (RLIN) 240083
650 #7 - PUNTO DE ACCESO ADICIONAL DE MATERIA--TÉRMINO DE MATERIA
Término de materia o nombre geográfico como elemento de entrada Filosofía
Fuente del encabezamiento o término embne
9 (RLIN) 12802
653 ## - TÉRMINO DE INDIZACIÓN--NO CONTROLADO
Término no controlado Archivo de la palabra
655 #0 - TERMINO DE INDIZACIÓN--GENERO/FORMA
Datos o término principal de género/forma Conferencias
9 (RLIN) 234444
700 ## - ENTRADA AGREGADA--NOMBRE PERSONAL
Nombre de persona Cimorra Yuste, Fernando
9 (RLIN) 240206
Término indicativo de función/relación presentador
710 2# - ENTRADA AGREGADA--NOMBRE DE ENTIDAD CORPORATIVA
Nombre de entidad corporativa o nombre de jurisdicción como elemento de entrada Ateneo de Madrid.
Término indicativo de función/relación Sede
9 (RLIN) 1992
Unidad subordinada Sección de Filosofía
830 #0 - PUNTO DE ACCESO ADICIONAL DE SERIE-TÍTULO UNIFORME
Título uniforme Actos culturales en el Ateneo de Madrid
9 (RLIN) 240237
852 ## - LOCALIZACIÓN
Ubicación ES-MaACL
Ubicación en estantería Depósito Z
itemnumber 205222
Designación de la unidad física Cinta 1
852 ## - LOCALIZACIÓN
Ubicación ES-MaACL
Ubicación en estantería Depósito Z
itemnumber 205223
Designación de la unidad física Cinta 2
852 ## - LOCALIZACIÓN
Ubicación ES-MaACL
Ubicación en estantería Depósito Z
itemnumber 205224
Designación de la unidad física Cinta 3
942 ## - ELEMENTOS DE ENTRADA SECUNDARIOS (KOHA)
Fuente del sistema de clasificación o colocación Clasificación decimal universal
Suprimir en OPAC No
Tipo de ítem Koha Casete
Holdings
Estatus retirado Estado de pérdida Fuente del sistema de clasificación o colocación Especificación de materiales (volumen encuadernado u otra parte) Estado de daño No para préstamo Colección Biblioteca de origen Biblioteca actual Ubicación en estantería Fecha de adquisición Total de préstamos Signatura topográfica completa Código de barras Visto por última vez Precio de reemplazo Tipo de ítem Koha
    Clasificación decimal universal Cinta 1     Archivo de la palabra Biblioteca del Ateneo de Madrid Biblioteca del Ateneo de Madrid Depósito Z 06/05/2025   AP/947 2025-0084 06/05/2025 06/05/2025 Casete
    Clasificación decimal universal Cinta 2     Archivo de la palabra Biblioteca del Ateneo de Madrid Biblioteca del Ateneo de Madrid Depósito Z 06/05/2025   AP/948 2025-0085 06/05/2025 06/05/2025 Casete
    Clasificación decimal universal Cinta 3     Archivo de la palabra Biblioteca del Ateneo de Madrid Biblioteca del Ateneo de Madrid Depósito Z 06/05/2025   AP/949 2025-0086 06/05/2025 06/05/2025 Casete